Fotí majestáty Tatier i Kaukazu

Bibliographic Details
Main Author: Balog, Gabriel (Author)
Format: Article
Language:Slovak
Subjects:

MARC

LEADER 00000nab a2200000 a 4500
001 vtls000892922
003 SK-MaSNL
005 20260305014242.0
008 040720e19951114xo 0 slo
035 |a KE1958 
040 |a KEVKJB  |b slo  |c KEVKJB  |e AACR2 
041 0 |a slo 
044 |a xo  |c SK 
080 |a 77.04  |2 1981 
080 |a 061.4  |2 1981 
080 |a 929  |2 1981 
100 1 |a Balog, Gabriel  |4 aut  |9 474893 
245 1 0 |a Fotí majestáty Tatier i Kaukazu 
600 1 7 |a Jiroušek, Alexander,  |d 1934-2021  |2 KEVKJB  |9 223957 
610 2 7 |a Verejná knižnica Jána Bocatia v Košiciach.  |b Fotogaléria NOVA  |2 snkbucl  |9 259984 
648 7 |a 1995  |2 snkbucl  |9 284798 
650 0 7 |a umelecká fotografia  |2 KEVKJB  |9 29370 
650 0 7 |a výstavy  |2 KEVKJB  |9 2780 
651 7 |a Košice (Slovensko)  |2 KEVKJB  |9 18694 
773 0 8 |t Korzo  |g Roč. 2  |g Roč. 28, č.263, 14.11.1995, s. 15 
852 |a ZVYKNI  |b KIS3GCP 
999 |c 3268538  |d 3270468